01511nam a2200181 4500999001900000008004100019100002900060245006500089260000900154300001500163520090700178650004001085650002601125773003201151906002601183942001201209952010801221 c510254d510254190808b ||||| |||| 00| 0 eng d aBhavan, Thangamani97931 aThe economic impact of road accidents: the case of Sri Lanka c2019 ap.124-137. aThe purpose of this study is to disclose accident-related indices and investigate the extent to which the road accidents impact on the economic performance of Sri Lanka during the period from 1977 to 2016. Annual time-series data are used to evaluate the accident indices for econometric analysis. Augmented Dickey–Fuller (ADF) unit root analysis and Johansen’s maximum likelihood estimator of the parameters of a cointegrating vector error correction model (VECM) are employed to test the stationary properties of the time series and to examine the long-run relationship between the variables, respectively. The results derived from the analysis confirm the existence of long-run relationship between the accident-related indices and macroeconomic indicators. The long-run elasticity values imply the signs and magnitude of impact of the accident indices on macroeconomic indicators. - Reproduced. aRoads - Accidents - Sri Lanka97929 aEconomic growth97930 aSouth Asia Economic Journal aAccidents - Sri Lanka 2ddccAR 00102ddc40709384194aIIPAbIIPAd2019-08-08h20(1), Mar, 2019: p.124-137.pAR120205r2019-08-08yAR